[Event "Delkanda Inter Club-chT"]
[Site "Delkanda"]
[Date "2021.03.02"]
[Round "9.3"]
[White "Anojman, S."]
[Black "Perera, WCC1111"]
[Result "0-1"]
[WhiteElo "1840"]
[BlackElo "2060"]
[PlyCount "64"]
[EventDate "2021.02.26"]
[EventType "team-tourn"]
[EventRounds "9"]
[EventCountry "SRI"]
[SourceTitle "EXT 2022"]
[Source "ChessBase"]
[SourceDate "2021.10.06"]
[SourceVersion "1"]
[SourceVersionDate "2021.10.06"]
[SourceQuality "1"]
[WhiteTeam "Blue and Gold CC"]
[BlackTeam "Jayewardenepura Univ"]
[WhiteTeamCountry "SRI"]
[BlackTeamCountry "SRI"]

1. d4 g6 2. e4 d6 3. Nf3 Nf6 4. Nc3 Bg7 5. Be3 0-0 6. Qd2 c6 7. Bh6 b5 8. Bd3 Nbd7 9. e5 dxe5 10. dxe5 Ng4 11. Bxg7 Kxg7 12. Qf4 Nc5 13. Rd1 Qb6 14. Rd2 Nxd3+ 15. cxd3 c5 16. h3 Nh6 17. h4 Bb7 18. h5 Rh8 19. Ne4 Rae8 20. g4 f6 21. g5 fxg5 22. Qxg5 Nf5 23. h6+ Kf7 24. Qf4 Rhf8 25. e6+ Kg8 26. Qe5 Rd8 27. Nfg5 Rd5 28. Qh2 Nd4 29. f4 Rdf5 30. Rf1 Qc7 31. Nf7 Nxe6 32. Ne5 Qxe5 0-1